| 000 | 00577nmc a2200205 a 4500 | ||
|---|---|---|---|
| 003 | AR-X00000XY | ||
| 005 | 20251128212005.0 | ||
| 008 | 067020s1953 ||||||||||||||000 | spa|| | ||
| 040 | _cAR-X00000XY | ||
| 100 | 1 | _aWeil, Simone | |
| 245 | 1 | 0 | _aLa gravedad y la gracia |
| 260 |
_aBuenos Aires _bSudamericana _c1953 |
||
| 300 | 0 | _a249 p. | |
| 490 | 0 | _aBiblioteca de filosofía | |
| 500 | 0 | _aCon anotaciones manuscritas de Alejandra Pizarnik | |
| 700 | 1 |
_aThibon, Gustave _eprologuista |
|
| 700 | 1 |
_aValentié, María Eugenia _etraductor |
|
| 942 | _cBK | ||
| 998 | _cmartin | ||
| 999 |
_c21940 _d21940 |
||